Detalles MARC
| 000 -CABECERA |
| campo de control de longitud fija |
01274nam a2200301 a 4500 |
| 001 - NÚMERO DE CONTROL |
| campo de control |
000042331 |
| 005 - FECHA Y HORA DE LA ÚLTIMA TRANSACCIÓN |
| campo de control |
20201002040102.0 |
| 008 - DATOS DE LONGITUD FIJA--INFORMACIÓN GENERAL |
| campo de control de longitud fija |
131125s2013 dr ad 000 0 spa d |
| 020 ## - NÚMERO INTERNACIONAL ESTÁNDAR DEL LIBRO |
| Número Internacional Estándar del Libro |
9789945885668 |
| 040 ## - FUENTE DE LA CATALOGACIÓN |
| Centro catalogador/agencia de origen |
DO-SdBNP |
| Lengua de catalogación |
spa |
| Centro/agencia transcriptor |
BNPHU |
| 082 ## - NÚMERO DE LA CLASIFICACIÓN DECIMAL DEWEY |
| Número de clasificación |
368.7071 |
| Número de documento/Ítem |
O96do |
| 100 1# - ENTRADA PRINCIPAL--NOMBRE DE PERSONA |
| Nombre de persona |
Oviedo, Rosa Divina |
| 9 (RLIN) |
69385 |
| 245 13 - MENCIÓN DE TÍTULO |
| Título |
Don ciclón y sus amigos : |
| Resto del título |
una experiencia de autocuidado y protección ante los riesgos / |
| Mención de responsabilidad, etc. |
Rosa Divina Oviedo, Larissa Pelletier. |
| 260 ## - PUBLICACIÓN, DISTRIBUCIÓN, ETC. |
| Lugar de publicación, distribución, etc. |
Santo Domingo : |
| Nombre del editor, distribuidor, etc. |
Ministerio de Educación, |
| Fecha de publicación, distribución, etc. |
2013. |
| 300 ## - DESCRIPCIÓN FÍSICA |
| Extensión |
[49] p. : |
| Otras características físicas |
il., gráfcs. ; |
| Dimensiones |
28 cm. |
| 490 1# - MENCIÓN DE SERIE |
| Mención de serie |
Manuales Educativos |
| 490 1# - MENCIÓN DE SERIE |
| Mención de serie |
Manual Metodológico para trabajar la Gestión del Riesgo en el aula. Nivel inicial |
| Designación de volumen o secuencia |
2 |
| 504 ## - NOTA DE BIBLIOGRAFÍA, ETC. |
| Nota de bibliografía, etc. |
Bibliografía: p. 36 |
| 590 ## - NOTA LOCAL (RLIN) |
| Nota local |
Inventariado, 2018/LP |
| 650 #4 - PUNTO DE ACCESO ADICIONAL DE MATERIA--TÉRMINO DE MATERIA |
| Término de materia o nombre geográfico como elemento de entrada |
Prevención de desastres naturales |
| Subdivisión general |
Enseñanza |
| 9 (RLIN) |
69386 |
| 650 #4 - PUNTO DE ACCESO ADICIONAL DE MATERIA--TÉRMINO DE MATERIA |
| Término de materia o nombre geográfico como elemento de entrada |
Escuelas |
| Subdivisión general |
Administración de riesgos |
| -- |
Enseñanza |
| 9 (RLIN) |
69387 |
| 650 #4 - PUNTO DE ACCESO ADICIONAL DE MATERIA--TÉRMINO DE MATERIA |
| Término de materia o nombre geográfico como elemento de entrada |
Educación en seguridad |
| 9 (RLIN) |
69388 |
| 650 #4 - PUNTO DE ACCESO ADICIONAL DE MATERIA--TÉRMINO DE MATERIA |
| Término de materia o nombre geográfico como elemento de entrada |
Prevención de accidentes escolares |
| 9 (RLIN) |
69389 |
| 700 1# - PUNTO DE ACCESO ADICIONAL--NOMBRE DE PERSONA |
| Nombre de persona |
Pelletier, Larissa |
| 9 (RLIN) |
69396 |
| 830 #0 - PUNTO DE ACCESO ADICIONAL DE SERIE-TÍTULO UNIFORME |
| Título uniforme |
Manuales Educativos |
| 9 (RLIN) |
69392 |
| 830 #0 - PUNTO DE ACCESO ADICIONAL DE SERIE-TÍTULO UNIFORME |
| Título uniforme |
Manual Metodológico para trabajar la Gestión del Riesgo en el aula. Nivel inicial ; |
| Número de parte o sección de la obra |
2 |
| 9 (RLIN) |
69397 |
| 910 ## - DATOS DE OPCIÓN DEL USUARIO (OCLC) |
| Datos de opción del usuario |
Validado. Control de calidad EMS |